[Event "EYCC 2024 - G18"]
[Site "?"]
[Date "2024.08.30"]
[Round "8.10"]
[White "Minaeva, Juliana"]
[Black "Hoanca, Alexia-Ioana"]
[Result "1-0"]
[BlackElo "1966"]
[WhiteElo "1807"]
[LiveChessVersion "1.4.8"]

1. e4 {[%clk 1:30:57]} c6 {[%clk 1:30:56]} 2. d4 d5 {[%clk 1:31:20]} 3. e5
{[%clk 1:31:23]} Bf5 {[%clk 1:31:46]} 4. h4 {[%clk 1:31:44]} h6 {[%clk 1:32:05]}
5. Bd3 {[%clk 1:31:42]} Bxd3 {[%clk 1:31:37]} 6. cxd3 {[%clk 1:32:04]} e6
{[%clk 1:30:34]} 7. Nc3 {[%clk 1:32:27]} Nd7 {[%clk 1:22:13]} 8. Nf3
{[%clk 1:32:10]} Ne7 {[%clk 1:20:12]} 9. h5 {[%clk 1:31:51]} Qb6 {[%clk 1:18:38]}
10. Na4 {[%clk 1:30:57]} Qc7 {[%clk 1:17:22]} 11. Kf1 {[%clk 1:30:11]} O-O-O
{[%clk 1:13:52]} 12. b4 {[%clk 1:28:03]} Kb8 {[%clk 1:11:46]} 13. Bd2
{[%clk 1:19:00]} g6 {[%clk 1:08:40]} 14. Rb1 {[%clk 1:17:04]} gxh5
{[%clk 1:06:16]} 15. Nc5 {[%clk 1:14:53]} Ng6 {[%clk 0:59:32]} 16. Rxh5
{[%clk 1:12:31]} Bxc5 {[%clk 0:46:56]} 17. bxc5 {[%clk 1:12:07]} f6
{[%clk 0:46:13]} 18. exf6 {[%clk 1:09:49]} Nxf6 19. Ne5 {[%clk 1:06:48]} Nxh5
{[%clk 0:30:54]} 20. Nxg6 {[%clk 0:59:16]} Qh2 {[%clk 0:28:56]} 21. Nxh8
{[%clk 0:56:43]} Rxh8 {[%clk 0:25:09]} 22. Be3 {[%clk 0:43:34]} Rf8
{[%clk 0:19:16]} 23. Ke1 {[%clk 0:39:59]} Nf4 {[%clk 0:16:56]} 24. Kd2
{[%clk 0:34:53]} Qxg2 {[%clk 0:14:31]} 25. Qg1 {[%clk 0:29:28]} Qxg1
{[%clk 0:03:35]} 26. Rxg1 {[%clk 0:29:53]} a5 {[%clk 0:02:58]} 27. Rg4
{[%clk 0:26:53]} Nh5 {[%clk 0:02:12]} 28. Rg6 {[%clk 0:24:54]} Rf6
{[%clk 0:02:01]} 29. Rxh6 {[%clk 0:22:55]} Rxh6 {[%clk 0:02:24]} 30. Bxh6
{[%clk 0:23:23]} Kc7 {[%clk 0:02:02]} 31. Kc3 {[%clk 0:22:36]} b6
{[%clk 0:01:46]} 32. cxb6+ {[%clk 0:21:58]} Kxb6 {[%clk 0:02:02]} 33. Kb3
{[%clk 0:20:33]} c5 {[%clk 0:01:26]} 34. Be3 {[%clk 0:20:35]} cxd4
{[%clk 0:00:54]} 35. Bxd4+ {[%clk 0:20:58]} Kc6 {[%clk 0:01:07]} 36. Be5
{[%clk 0:20:55]} d4 {[%clk 0:01:10]} 37. Kc4 {[%clk 0:20:28]} a4 {[%clk 0:01:09]}
38. a3 {[%clk 0:19:55]} Kd7 {[%clk 0:00:51]} 39. Kxd4 {[%clk 0:19:58]} Kc6
{[%clk 0:01:07]} 40. Kc4 {[%clk 0:20:22]} Kb6 {[%clk 0:01:33]} 41. Kb4
{[%clk 0:20:25]} Kc6 {[%clk 0:01:59]} 42. Kxa4 {[%clk 0:19:37]} Kd5
{[%clk 0:02:23]} 43. d4 {[%clk 0:18:38]} Ke4 {[%clk 0:02:40]} 44. Kb5
{[%clk 0:18:50]} Kf3 {[%clk 0:03:05]} 45. a4 {[%clk 0:19:04]} Kxf2
{[%clk 0:03:29]} 46. a5 {[%clk 0:19:23]} Ke3 {[%clk 0:03:48]} 47. a6
{[%clk 0:19:47]} Nf4 {[%clk 0:04:06]} 48. Bxf4+ {[%clk 0:20:03]} Kxf4
{[%clk 0:04:31]} 49. a7 {[%clk 0:20:30]} Ke4 {[%clk 0:04:50]} 50. a8=Q+
{[%clk 0:20:53]} Kxd4 {[%clk 0:05:14]} 51. Qf3 {[%clk 0:21:10]} e5
{[%clk 0:05:22]} 52. Qe2 {[%clk 0:21:38]} e4 {[%clk 0:05:33]} 53. Kc6
{[%clk 0:21:57]} e3 {[%clk 0:05:28]} 54. Kd6 {[%clk 0:22:22]} Ke4
{[%clk 0:05:53]} 55. Kc5 {[%clk 0:22:47]} 1-0

[Event "EYCC 2024 - G18"]
[Site "?"]
[Date "2024.08.30"]
[Round "8.11"]
[White "Tashkinova, Sofiia"]
[Black "Muradyan, Anahit"]
[Result "1-0"]
[BlackElo "1753"]
[WhiteElo "2093"]
[LiveChessVersion "1.4.8"]

1. e4 {[%clk 1:30:58]} c5 {[%clk 1:30:52]} 2. Nf3 {[%clk 1:31:18]} e6
{[%clk 1:31:13]} 3. d4 {[%clk 1:31:39]} cxd4 {[%clk 1:31:38]} 4. Nxd4
{[%clk 1:32:03]} Nf6 {[%clk 1:32:04]} 5. Nc3 {[%clk 1:31:46]} Bb4
{[%clk 1:32:26]} 6. e5 {[%clk 1:21:46]} Ne4 {[%clk 1:25:44]} 7. Qd3
{[%clk 1:15:49]} Nxc3 {[%clk 1:19:30]} 8. bxc3 {[%clk 1:16:08]} Be7
{[%clk 1:19:27]} 9. Nb5 {[%clk 1:14:43]} O-O {[%clk 1:18:30]} 10. Qg3
{[%clk 1:11:11]} f5 {[%clk 1:15:11]} 11. exf6 {[%clk 1:04:05]} Rxf6
{[%clk 1:12:21]} 12. Bg5 {[%clk 0:56:07]} Rg6 {[%clk 1:10:45]} 13. h4
{[%clk 0:49:40]} Bxg5 {[%clk 0:55:12]} 14. hxg5 {[%clk 0:49:56]} Rxg5
{[%clk 0:54:59]} 15. Qh2 {[%clk 0:46:52]} h6 {[%clk 0:53:55]} 16. f4
{[%clk 0:37:50]} Rc5 {[%clk 0:51:45]} 17. g4 {[%clk 0:32:34]} e5 {[%clk 0:41:08]}
18. g5 {[%clk 0:23:31]} exf4 {[%clk 0:39:19]} 19. gxh6 {[%clk 0:23:11]} Qe7+
{[%clk 0:38:56]} 20. Kd1 {[%clk 0:22:49]} d6 {[%clk 0:35:22]} 21. Qxf4
{[%clk 0:18:08]} Nc6 {[%clk 0:25:42]} 22. hxg7 {[%clk 0:13:06]} Qxg7
{[%clk 0:23:39]} 23. Bc4+ {[%clk 0:10:30]} d5 {[%clk 0:23:49]} 24. Be2
{[%clk 0:10:41]} Ne5 {[%clk 0:18:50]} 25. Qd4 {[%clk 0:09:15]} Rc6
{[%clk 0:18:24]} 26. Rg1 {[%clk 0:06:37]} Rg6 {[%clk 0:17:37]} 27. Rxg6
{[%clk 0:06:31]} Nxg6 {[%clk 0:17:45]} 28. Qxd5+ {[%clk 0:06:52]} Qf7
{[%clk 0:16:46]} 29. Qd8+ {[%clk 0:07:01]} Kh7 {[%clk 0:15:51]} 30. Kc1
{[%clk 0:05:27]} Qd7 {[%clk 0:14:57]} 31. Qf6 {[%clk 0:05:14]} Qe7
{[%clk 0:11:44]} 32. Qf2 {[%clk 0:04:27]} Be6 {[%clk 0:10:01]} 33. Kb2
{[%clk 0:04:30]} a6 {[%clk 0:08:51]} 34. Rh1+ {[%clk 0:04:31]} Kg7
{[%clk 0:07:33]} 35. Nd4 {[%clk 0:03:48]} Rh8 {[%clk 0:05:12]} 36. Rg1
{[%clk 0:03:49]} Qf7 {[%clk 0:03:59]} 37. Nxe6+ {[%clk 0:03:18]} Qxe6
{[%clk 0:04:25]} 38. Qd4+ {[%clk 0:03:40]} Qf6 {[%clk 0:04:30]} 39. Qd7+
{[%clk 0:03:16]} Qf7 {[%clk 0:04:53]} 40. Qg4 {[%clk 0:03:29]} Qf6
{[%clk 0:03:29]} 41. Bd3 {[%clk 0:03:30]} Qb6+ {[%clk 0:02:12]} 42. Ka1
{[%clk 0:02:44]} Rh6 {[%clk 0:02:35]} 43. Qd7+ {[%clk 0:02:53]} Kh8
{[%clk 0:02:10]} 44. Qe8+ {[%clk 0:02:06]} Kg7 {[%clk 0:02:18]} 45. Qd7+
{[%clk 0:01:48]} Kh8 {[%clk 0:02:43]} 46. Rf1 {[%clk 0:01:39]} Qc6
{[%clk 0:01:36]} 47. Qd4+ {[%clk 0:01:38]} Kg8 {[%clk 0:01:46]} 48. Bc4+ 1-0

[Event "EYCC 2024 - G18"]
[Site "?"]
[Date "2024.08.30"]
[Round "8.12"]
[White "Suarez Gomez, Paula"]
[Black "Pawicka, Magdalena"]
[Result "1-0"]
[BlackElo "1977"]
[WhiteElo "2080"]
[LiveChessVersion "1.4.8"]

1. e4 {[%clk 1:30:59]} e5 {[%clk 1:30:35]} 2. Nf3 {[%clk 1:31:18]} Nc6
{[%clk 1:30:47]} 3. Bb5 {[%clk 1:31:38]} Nge7 {[%clk 1:30:52]} 4. O-O
{[%clk 1:29:58]} g6 {[%clk 1:30:59]} 5. d4 {[%clk 1:26:05]} exd4 {[%clk 1:30:36]}
6. Nxd4 {[%clk 1:26:22]} Bg7 {[%clk 1:30:12]} 7. Nxc6 {[%clk 1:12:50]} Nxc6
{[%clk 1:28:50]} 8. Nc3 {[%clk 1:11:08]} O-O {[%clk 1:26:55]} 9. f4
{[%clk 1:02:35]} d6 {[%clk 1:17:49]} 10. f5 {[%clk 0:49:19]} Ne5 {[%clk 1:08:57]}
11. Be2 {[%clk 0:49:42]} c6 {[%clk 0:50:34]} 12. Be3 {[%clk 0:46:57]} b5
{[%clk 0:46:04]} 13. Qd2 {[%clk 0:41:22]} Qe7 {[%clk 0:31:47]} 14. Bh6
{[%clk 0:31:16]} Bxh6 {[%clk 0:27:37]} 15. Qxh6 {[%clk 0:31:42]} f6
{[%clk 0:22:44]} 16. Rad1 {[%clk 0:19:51]} Bb7 {[%clk 0:21:28]} 17. fxg6
{[%clk 0:18:30]} hxg6 {[%clk 0:21:02]} 18. Nb1 {[%clk 0:18:27]} Rad8
{[%clk 0:18:36]} 19. Nd2 {[%clk 0:15:25]} Qh7 {[%clk 0:16:15]} 20. Qe3
{[%clk 0:11:57]} a6 {[%clk 0:15:37]} 21. h3 {[%clk 0:12:00]} Qe7 {[%clk 0:12:29]}
22. Qg3 {[%clk 0:11:38]} Kg7 {[%clk 0:11:50]} 23. h4 {[%clk 0:10:22]} Qf7
{[%clk 0:05:21]} 24. b3 {[%clk 0:09:02]} Rd7 {[%clk 0:03:17]} 25. c4
{[%clk 0:09:12]} b4 {[%clk 0:02:53]} 26. Rf4 {[%clk 0:08:22]} a5 {[%clk 0:02:32]}
27. Nf1 {[%clk 0:08:14]} d5 {[%clk 0:01:08]} 28. exd5 {[%clk 0:08:39]} cxd5
{[%clk 0:01:31]} 29. Ne3 {[%clk 0:04:52]} dxc4 {[%clk 0:01:18]} 30. Nxc4
{[%clk 0:04:48]} Rxd1+ {[%clk 0:01:22]} 31. Bxd1 {[%clk 0:05:15]} Nxc4
{[%clk 0:01:19]} 32. Rxc4 {[%clk 0:05:39]} Rd8 {[%clk 0:01:05]} 33. Bc2
{[%clk 0:05:41]} Rd7 {[%clk 0:00:33]} 34. Bxg6 {[%clk 0:04:56]} Qe7
{[%clk 0:00:31]} 35. Bf5+ {[%clk 0:04:31]} Kf8 {[%clk 0:00:43]} 36. Bxd7
{[%clk 0:04:15]} Qxd7 {[%clk 0:01:09]} 37. Rc7 {[%clk 0:04:36]} 1-0